00350nam a2200109Ia 4500008004000000082001500040100002200055245007500077260004000152300001300192650003500205210210b1973 xxu||||| |||| 00| 0 eng d a141.3 BUEL aBUELL (Lawrence). aLiterary transcendentalism:style & vision in the American renaissance. aN DbEurasia Publishing Housec1973 aviii,336 aTranscendentalism Meditatio